LEADER 01374cam0-22004691i-450 001 990000604170403321 005 20191030104936.0 035 $a000060417 035 $aFED01000060417 035 $a(Aleph)000060417FED01 035 $a000060417 100 $a20020821d1982----km-y0itay50------ba 101 0 $aita 102 $aIT 105 $ay-------001yy 200 1 $aAnnuario delle universitą degli studi in Italia 1982-83$fIstituto nazionale dell'informazione 210 $aRoma$cEditoriale italiana$d[1982?] 215 $a417 p.$d22 cm 610 0 $aCataloghi biblioteche 610 0 $aLegislature e varie 610 0 $aIstruzione$aAnnuari 610 0 $aUniversitą 676 $a016.37 710 02$aIstituto nazionale dell'informazione$09332 801 0$aIT$bUNINA$gRICA$2UNIMARC 901 $aBK 912 $a990000604170403321 952 $aSDI-LU 12$b2925$fSDI 952 $a378.45 ANN 1$bBIBL. 56120$fFLFBC 952 $aXXX COD. 244$bv. schedone$fFSPBC 952 $aXXX COD. 244 (1)$b22776$fFSPBC 952 $a07 N-21$b4135$fDINSC 952 $a60 378.155 INDI 1983$b48503$fFAGBC 952 $a22-R-20$b3820$fDDCP 959 $aDINSC 959 $aFAGBC 959 $aFSPBC 959 $aFFABC 959 $aDDCP 959 $aSDI 996 $aAnnuario delle universitą degli studi in Italia 1982-83$9317356 997 $aUNINA LEADER 02776nam 2200553 450 001 9910817232003321 005 20230807214243.0 010 $a1-63413-382-X 035 $a(CKB)3710000000388137 035 $a(EBL)2008331 035 $a(SSID)ssj0001500462 035 $a(PQKBManifestationID)11918239 035 $a(PQKBTitleCode)TC0001500462 035 $a(PQKBWorkID)11516416 035 $a(PQKB)11506692 035 $a(MiAaPQ)EBC2008331 035 $a(Au-PeEL)EBL2008331 035 $a(OCoLC)908100774 035 $a(EXLCZ)993710000000388137 100 $a20220519d2015 uy 0 101 0 $aeng 135 $aur|n|---||||| 181 $ctxt 182 $cc 183 $acr 200 10$aAnalysis of auctions for service allocation /$fGunhwan Kim 205 $a1st ed. 210 1$aMinneapolis, Minnesota :$cPublish Green,$d[2015] 210 4$d©2015 215 $a1 online resource (81 p.) 300 $aDescription based upon print version of record. 327 $aCover Page; 1 Preface-Introduction; 2 Literature Review; 2.1 From Buyers' Perspective; 2.2 From Sellers' Perspective; 2.3 Auctions and Optimal Auctions; 2.4 Mechanism Design Perspective; 2.5 Random Sampling Optimal Price Auction; 2.6 Applications-I; 2.7 Dynamic Models; 2.8 Applications-II; 2.9 Applications-III; 3 Description for Our New Model; 4 Service Request Distribution in the Auction System; 4.1 Steady State Probability Distribution; 4.2 Probability of Departure After Service Completion; 5 Numerous Resource Allocation Systems; 5.1 Closed Bidder Group; 5.2 Open Bidder Group 327 $a5.3 Concurrent Bids across the Auction Systems6 Expected Income of Multiple Service Slot Auction; 6.1 PDF of the i-th Highest Bid; 6.1.1 Expected Bid Level; 6.2 Multiple Identical Service Slots; 6.2.1 Bidding with the Prior Knowledge; 6.2.2 Bidding without the Prior Belief; 6.2.3 Expected Income Rate; 6.3 Multiple Non-identical Service Slots; 7 Application Use; 8 Numerical Examples; 9 Conclusion; Bibliography 330 $aThis is an Ebookfor thereadersof sujects ofAuctions, Theory, Queueing theory, Networking, etc.I reprint my works based on some of my works at Imperial College and personal works at Koreathrough the unintetional sabbatical years. 606 $aPublic contracts 606 $aAuctions$xEconometric models 606 $aAuctions$xMathematical models 615 0$aPublic contracts. 615 0$aAuctions$xEconometric models. 615 0$aAuctions$xMathematical models. 676 $a381.457 700 $aKim$b Gunhwan$01624431 801 0$bMiAaPQ 801 1$bMiAaPQ 801 2$bMiAaPQ 906 $aBOOK 912 $a9910817232003321 996 $aAnalysis of auctions for service allocation$93959404 997 $aUNINA